| 000 | 00638nam a2200205Ia 4500 | ||
|---|---|---|---|
| 005 | 20260601193249.0 | ||
| 008 | 260601s9999||||xx |||||||||||||| ||und|| | ||
| 020 |
_a978-3-031-64748-2 _qebk |
||
| 100 | _aJoaquim Filipe | ||
| 245 | 0 | _aEnterprise Information Systems | |
| 250 | _a2024 | ||
| 260 |
_aHeidelberg, Germany _bSpringer Nature _c2024 |
||
| 440 | _aLecture Notes in Business Information Processing | ||
| 650 | _aComputer Science | ||
| 700 | _aAlexander Brodsky | ||
| 700 | _aMicha? ?mia?ek | ||
| 700 | _aSlimane Hammoudi | ||
| 856 | _uhttps://link.springer.com/openurl?genre=book&isbn=978-3-031-64748-2 | ||
| 942 |
_cEB _2ddc |
||
| 999 |
_c56680 _d56680 |
||